000
00240nam a2200097Ia 4500
008
220204s9999 xx 000 0 und d
082
_a
331:364
_b
INT
245
0
_a
ILO and vocational rehabilitation
260
_a
Geneva
_b
ILO
_c
1966
942
_c
BK
999
_c
22107
_d
22107